| 000 | 00714nam a2200205 i 4500 | ||
|---|---|---|---|
| 001 | 108863 | ||
| 003 | ES-MaACL | ||
| 005 | 20230906184727.0 | ||
| 007 | t| | ||
| 008 | 061121s1918 sp r ||||1| spa d | ||
| 100 | 1 |
_aMousset, Albert. _983920 |
|
| 245 | 1 | 3 |
_aLa política exterior de España 1873-1918 / _cAlbert Mousset ; prólogo de Conde de Romanones. |
| 260 |
_aMadrid : _bExcelsior, _c[1918?] |
||
| 300 |
_a290 p. ; _c19 cm. |
||
| 651 | 4 |
_aEspaña- _xPolítica exterior- _y1874-1902. _9147689 |
|
| 651 | 4 |
_aEspaña- _xPolítica exterior- _y1902-1931. _98422 |
|
| 700 | 1 |
_aRomanones, Álvaro de Figueroa y Torres, _cConde de, _d1863-1950 _999264 |
|
| 852 |
_aES-MaACL _jF-10724 |
||
| 999 |
_c108863 _d108863 |
||